| 000 | 00787nam a2200265Ia 4500 | ||
|---|---|---|---|
| 003 | GCL | ||
| 008 | 140319s9999 xx 000 0 ara d | ||
| 040 |
_aGCL / _cGCL |
||
| 082 | 0 | 4 |
_a346.07 _bم ق |
| 100 | 1 | _aمصطفى كمال طه | |
| 245 | 1 | 0 |
_aالقانون التجارى / _cمصطفى كمال طه |
| 260 |
_a[S.N] : _bالدار الجامعية ، _c1988 |
||
| 300 | _a805 ص | ||
| 490 |
_aالمكتبة القانونية _v0 |
||
| 650 | 0 | 4 | _aالقانون |
| 650 | 0 | 4 | _aالافلاس |
| 650 | 0 | 4 | _aالاوراق التجارية |
| 650 | 0 | 4 | _aالشيكات |
| 650 | 0 | 4 | _aعقود البيع |
| 650 | 0 | 4 | _aالعقود |
| 650 | 0 | 4 | _aالقانون البحرى |
| 650 | 0 | 4 | _aالقانون التجارى |
| 650 | 0 | 4 | _aالديون |
| 942 |
_2ddc _cBK |
||
| 999 |
_c31768 _d31768 |
||